Word Ladder: 29 Years Later Quiz Stats

Quiz Updated Sep 15, 2016

Challenge
Share
Tweet
Embed
Score 0/18 Timer 02:00
2 Plays Today
Hint 4-Letter Word % Correct
An implement to help someone walkCANE
97.4%
Where one bowlsLANE
96.3%
Gain unauthorized computer access HACK
93.8%
Listen up, herald angels!HARK
92.3%
Mountain topPEAK
91.7%
The wife of a LordLADY
90.5%
Head holderNECK
90.5%
❖ 1991 Sam Bowden actor Nolte ❖NICK
89.7%
❖ Sam Bowden (1962)/Lee Heller (1991) actor Gregory ❖PECK
89.1%
Hint 4-Letter Word % Correct
Wide-bottomed greenish fruitPEAR
88.5%
Country bumpkinHICK
88%
Put cargo on a shipLADE
86.4%
Police informantNARK
70.5%
❖ 1962 and 1991 Thriller: [First Rung] ____FEAR
64.4%
❖ 1962 and 1991 Thriller: ____ [Last Rung] ❖CAPE
61.5%
Not oneNARY
58.4%
Princess Bride actor ElwesCARY
57.4%
❖ Robert Mitchum (1962)/Robert De Niro (1991) role Max ❖CADY
55.4%

Today's Daily Dose

You're not logged in!

Compare scores with friends on all Sporcle quizzes.
Join for Free
OR
Log In

You Might Also Like...

Show Comments

Extras

Top Quizzes Today


Score Distribution

Your Account Isn't Verified!

In order to create a playlist on Sporcle, you need to verify the email address you used during registration. Go to your Sporcle Settings to finish the process.

Report this User

Report this user for behavior that violates our Community Guidelines.

Details: